Toán 6
Sách giới thiệu chung về môn Toán 6 tập 2 và nội dung của phân số trong số học, góc trong hình học. Giúp giáo viên nâng cao hiệu quả giảng dạy.
Na minha lista:
| Autor principal: | |
|---|---|
| Formato: | Livro |
| Idioma: | Undetermined |
| Publicado em: |
Hà Nội
Giáo dục
2009
|
| Assuntos: | |
| Tags: |
Adicionar Tag
Sem tags, seja o primeiro a adicionar uma tag!
|
| Thư viện lưu trữ: | Trung tâm Học liệu Trường Đại học Cần Thơ |
|---|
| LEADER | 00855nam a2200217Ia 4500 | ||
|---|---|---|---|
| 001 | CTU_159081 | ||
| 008 | 210402s9999 xx 000 0 und d | ||
| 020 | |c 6100 | ||
| 082 | |a 510.712 | ||
| 082 | |b Ch312/T.2/L.6 | ||
| 100 | |a Phan, Đức Chính | ||
| 245 | 0 | |a Toán 6 | |
| 245 | 0 | |c Phan Đức Chính (Tổng chủ biên), Tôn Thân (Chủ biên), Phạm Gia Đức | |
| 260 | |a Hà Nội | ||
| 260 | |b Giáo dục | ||
| 260 | |c 2009 | ||
| 520 | |a Sách giới thiệu chung về môn Toán 6 tập 2 và nội dung của phân số trong số học, góc trong hình học. Giúp giáo viên nâng cao hiệu quả giảng dạy. | ||
| 650 | |a Mathematics | ||
| 650 | |x Study and teaching (Secondary) | ||
| 904 | |i Bé Ba, Bạch Trúc | ||
| 980 | |a Trung tâm Học liệu Trường Đại học Cần Thơ | ||